01617nam a2200469 i 4500001000700000003000800007005001700015006001900032007001500051008004100066020001800107020002700125035002300152035002400175035002500199035002100224040003100245050002300276080000700299082001700306100002100323245007500344264004000419300004100459336003100500337003300531338004300564490004200607500002200649504002900671588012500700650003200825650002700857650001400884650004000898650003200938650001700970655002700987700002801014830004301042856006201085143411FlNmELB20241217181749.0m o d | cr cnu||||||||150406s2014 sp ob 001 0 spa d z9788420684109 a9788420685793 (e-book) a(MiAaPQ)EBC3228294 a(Au-PeEL)EBL3228294 a(CaPaEBR)ebr11028894 a(OCoLC)991954486 aFINmELBbspaerdacFINmELB 4aLC1031b.M386 2014 a370 a372.12642231 aMartín, Elena.10aCompetencia para aprender a aprender /cElena Martín, Amparo Moreno. 1aMadrid :bAlianza Editorial,c2014. a1 recurso en línea (172 páginas) atextobtxt2rdacontent/spa acomputadorabc2rdamedia/spa arecurso en líneabcr2rdacarrier/spa1 aCompetencias básicas en educación aIncluye índice. aContiene bibliografía. aDescripción basada en recurso en línea; Título de la página del título en PDF (e-libro, visto April 06, 2015). 0aCompetency based education. 0aTeachingxMethodology. 0aLearning. 4aEducación basada en competencias. 4aEnseñanzaxMetodología. 4aAprendizaje. 4aLibros electrónicos.1 aMoreno, Amparo,eautor. 0aCompetencias básicas en educación.40uhttps://elibro.net/ereader/politecnicointernacional/45390